000 00485nam a2200181Ia 4500
005 20230706113809.0
008 131103s9999 xx 000 0 und d
040 _aLoreto College
041 _aEnglish
082 _aF
_bCAN
100 _aCanning,Victor
245 4 _aThe House of the seven flies
_cVictor Canning
260 _aLondon
_bPan Books In association with William Heinemann
_c1952
300 _a191 p.
650 _aFiction in English
850 _aLCLIB
942 _cBK
999 _c16445
_d66924